| 000 | 01386nab a22002537a 4500 | ||
|---|---|---|---|
| 999 |
_c5549 _d5549 |
||
| 003 | OSt | ||
| 005 | 20251215163729.0 | ||
| 008 | 190429b xxu||||| |||| 00| 0 spa d | ||
| 040 | _cPJ | ||
| 100 |
_96527 _aTorres-Zambrano, Yorneylis |
||
| 245 | 1 | 0 |
_aLey Olimpia (ley 27.736) : _bun hito en la protección de la intimidad y la lucha contra la violencia digital en Argentina / _cYorneylis Torres-Zambrano. |
| 260 |
_cCiudad Autónoma de Buenos Aires : _aThomson Reuters La Ley, _b2025. |
||
| 300 | _ap. 180-194 | ||
| 500 | _aCita: AR/DOC/167/2024. | ||
| 505 | _aSumario: I. Introducción.— II. Prevalencia y consecuencias de la violencia de género en el espacio digital.— III. Evolución legal en respuesta a la delincuencia digital en Argentina y la necesidad de perspectiva de género.— IV. Principales aspectos de la Ley Olimpia.— V. Efectos de la Ley Olimpia en el derecho penal.— VI. Conclusión. | ||
| 505 | _tSi te interesa el texto completo, solicitalo a koha@justierradelfuego.gov.ar | ||
| 650 | 0 |
_9343 _aDERECHO PENAL |
|
| 650 | 0 |
_93053 _aVIOLENCIA DE GÉNERO |
|
| 650 | 0 |
_96528 _aVIOLENCIA DIGITAL |
|
| 650 | 0 |
_92724 _aDERECHO A LA INTIMIDAD |
|
| 650 | 0 |
_92 _aINFORMÁTICA |
|
| 773 | 0 |
_02658 _93164 _tRevista de derecho penal y criminología. Nº 3 - Abril 2024 _dCiudad Autónoma de Buenos Aires : Thomson Reuters La Ley, 2017- _x00347914 |
|
| 942 |
_2udc _cANA |
||